000 00817nam a2200205Ia 4500
003 Ost
005 20260507075804.0
008 260507s9999||||xx |||||||||||||| ||und||
040 _cfsecg
041 _aara
100 _aعتلم، باهر محمد
_eمؤلف
245 0 _aإقتصاديات المالية العامة (ك2) /
_c باهر محمد عتلم
260 _aالقاهرة:
_bمطبعة مركز التعليم المفتوح,
_c1998
300 _a231 صفحة؛
_c24 سم
520 _aتطور النظم الاقتصادية وأثره على النظم المالية، النفقات العامة، الايرادات العامة،السياسات المالية
653 _aالايرادات
653 _aالضريبة
653 _aالنفقات العامة
942 _cكتاب
999 _c46359
_d46359